Manual de direito civil / (Record no. 424)
[ view plain ]
| 000 -LÍDER | |
|---|---|
| Campo Fixo de Controle | 01084nam a2200265 a 4500 |
| 001 - NÚMERO DE CONTROLE | |
| Campo de Controle | 424 |
| 003 - IDENTIFICAÇÃO DO NÚMERO DE CONTROLE | |
| Campo de Controle | BR-CuiBMT |
| 005 - DATA E HORA DA ÚLTIMA ATUALIZAÇÃO | |
| Campo de Controle | 20231108163724.0 |
| 008 - DADOS FIXOS | |
| Dados Fixos | 231106s2015 rjba 00| 0 eng d |
| 020 ## - INTERNATIONAL STANDARD BOOK NUMBER | |
| Nº do ISBN | 8544205305 |
| 040 ## - AGÊNCIA CATALOGADORA | |
| Código da Agência Catalogadora | BR-CuiBMT |
| Agência que transcreveu o registro | BR-CuiBMT |
| 080 ## - Nº DA CLASSIFICAÇÃO DECIMAL UNIVERSAL | |
| Nº edição CDU | 2007 |
| Nº Class. CDU | 347 |
| Subd. Auxiliar Comum | (094.4) |
| 090 ## - NÚMERO DE CHAMADA | |
| Nº classificação | 347(094.4) |
| Cutter | A848m |
| Ano/Edição | 4. ed. |
| 100 1# - ENTRADA PRINCIPAL -- AUTOR PESSOAL | |
| Nome pessoal | Assis Neto, Sebastião |
| 245 10 - TÍTULO PRINCIPAL | |
| Título principal | Manual de direito civil / |
| Indicação de responsabilidade | Sebastião de Assis Neto, Marcelo de Jesus, Maria Izabel de Melo |
| 250 ## - EDIÇÃO | |
| Edição | 4. ed., rev., ampl. e atual. |
| 260 ## - PUBLICAÇÃO, DISTRIBUIÇÃO, ETC. | |
| Local de publicação | Salvador : |
| Editora | JusPodivm, |
| Data | 2015. |
| 300 ## - DESCRIÇÃO FÍSICA | |
| N. páginas ou volumes | 1792 p. : |
| Ilustrações | il. ; |
| Dimensões | 24 cm |
| 500 ## - NOTAS GERAIS | |
| Notas gerais | "Volume único." |
| 500 ## - NOTAS GERAIS | |
| Notas gerais | Atualizado de acordo com as Leis 13.129 de 26 de maio de 2015 (Arbitragem), 13.140 de 26 de junho de 2015 (Lei de Mediação), 13.144 de 6 de julho de 2015 (Bem de família), 13.151 de 28 de julho de 2015 (Fundações), 13.146 de 6 de julho de 2015 (Estatuto da Pessoa com Deficiência). |
| 650 ## - ASSUNTO TÓPICO | |
| Cabeçalho tópico ou nome geográfico | Direito civil |
| Subdivisão de forma | Manuais, guias, etc. |
| Subdivisão geográfica | Brasil |
| 700 1# - ENTRADA SECUNDÁRIA -- NOME PESSOAL | |
| Nome pessoal | Jesus, Marcelo de |
| 710 1# - ENTRADA SECUNDÁRIA -- ENTIDADE | |
| Nome da entidade ou lugar | Melo, Maria Iazabel de |
| 942 ## - ELEMENTOS DE ENTRADA ADICIONAIS (KOHA) | |
| Fonte de classificação ou esquema de arquivamento | Classificação Decimal Universal |
| Tipo de item do Koha | Livros |
| Estado: removido | Estado: perdido | Fonte de classificação ou esquema de arquivamento | Estado: danificado | Indisponível para empréstimo | Localização permanente | Localização atual | Data de aquisição | Total Checkouts | Número de Chamada completo | Código de barras | Date last seen | Número do exemplar | Preço efetivo a partir de | Tipo de item (Koha) |
|---|---|---|---|---|---|---|---|---|---|---|---|---|---|---|
| Classificação Decimal Universal | Biblioteca da Escola Superior de Contas do TCE/MT | Biblioteca da Escola Superior de Contas do TCE/MT | 06/11/2023 | 347(094.4) A848m 4. ed. | BIBTCEMT23110160 | 06/11/2023 | Ex. 1 | 06/11/2023 | Livros |